| 000 | 00489cam a2200157 i 4500 | ||
|---|---|---|---|
| 082 |
_a954.03 _bMAC |
||
| 100 | 1 | _aMacMunn, George Fletcher, | |
| 245 | 1 | 4 |
_aThe romance of the Indian frontiers / _cby Sir George MacMunn. |
| 260 |
_aLondon ; _aToronto : _bJonathan Cape, _c1931. |
||
| 300 |
_a[352] p. : _bill., maps ; _c23 cm. |
||
| 500 | _aIncludes index. | ||
| 526 |
_a0 _b0 _c0 _d954_030000000000000_MAC |
||
| 650 | 0 |
_aEthnology _zSouth Asia. _950330 |
|
| 650 | 0 |
_aMCE _9379 |
|
| 942 |
_2ddc _cBK |
||
| 999 |
_c553055 _d553055 |
||